La relación "hombre-mundo" en el pensamiento filosófico cristiano (monástico) de los siglos XII y XIII (Record no. 406923)
[ view plain ]
| 000 -CABECERA | |
|---|---|
| Campo de control de longitud fija | 00418nab a22001097u 4500 |
| 008 - CÓDIGOS DE INFORMACIÓN DE LONGITUD FIJA | |
| Campo de control de longitud fija | 130520b1976 xxu||||| |||| 00| 0 spa d |
| 041 ## - CÓDIGO DE LENGUA | |
| Código de lengua del texto/banda sonora o título independiente | spa |
| 100 1# - PUNTO DE ACCESO PRINCIPAL-NOMBRE DE PERSONA | |
| Nombre de persona | Alarcón Vázquez, Manuel |
| 9 (RLIN) | 81106 |
| 245 00 - MENCIÓN DE TÍTULO | |
| Título | La relación "hombre-mundo" en el pensamiento filosófico cristiano (monástico) de los siglos XII y XIII |
| Mención de responsabilidad, etc. | Manuel Alarcón Vázquez |
| 773 0# - ENLACE AL DOCUMENTO FUENTE | |
| Título | Logos |
| Parte(s) relacionada(s) | V.4, nº10,1976,págs. 33-68 |
| Número Internacional Normalizado para Publicaciones Seriadas (ISSN) | 0185-6375 |
| Número de control del registro relacionado | Rev257 |
| 942 ## - ENTRADA DE ELEMENTOS AGREGADOS (KOHA) | |
| Koha [por defecto] tipo de item | Artículos de revista |
| Suprimido | Perdido | Estropeado | No para préstamo | Localización permanente | Localización actual | Localización en estantería | Fecha adquisición | Préstamos totales | Fecha última consulta | Fecha del precio de reemplazo | Tipo de item de Koha |
|---|---|---|---|---|---|---|---|---|---|---|---|
| San Esteban | San Esteban | Depósito de revistas | 21/05/2013 | 21/05/2013 | 21/05/2013 | Artículos de revista |
